000 00548nam a2200169 i 4500
001 104117
003 ES-MaACL
005 20230906183520.0
007 t|
008 051123s1910 sp ||||1| spa d
100 1 _aMichels, Robert.
_980930
245 1 0 _aAmor y castidad
_b: (los límites de la moral sexual) /
_cRobert Michels; versión castellana de Octavio de Carreras.
260 _aBarcelona :
_b[s.n.],
_c1910 (
_fDalmau, Yuste y Bis)
300 _a320 p. ;
_c18 cm.
700 1 _aCarreras, Octavio de.
_935666
852 _aES-MaACL
_jF-606
999 _c104117
_d104117